Представление документа в формате MARC21

Поле Инд. ПП Название Значение
Тип записи a
Библиографический уровень m
001 Контрольный номер RU/LIBMSTU/382098811
005 Дата корректировки 20160127104202.0
008 Кодируемые данные 120210|||||||||ru |||||||||||000|||rus||
020 a ISBN 978-5-9916-1640-9
020 a ISBN 978-5-9692-1291-6
040 b Код языка каталог. rus
041 0_ a Код языка текста rus
084 a Индекс другой классификации/Индекс ББК 67.400я7
090 a Полочн. индекс 67.400
x Авторский знак И 32
245 10 a Заглавие Избранные конституции зарубежных стран
b Продолж. заглавия учеб. пособие для бакалавров
c Ответственность [Алебастрова И. А. и др.] ; отв. ред. Б. А. Страшун
260 a Место издания Москва
b Издательство Юрайт
c Дата издания 2012
300 a Объем 795 с.
440 _0 a Серия Бакалавр
500 a Примечание Авт. указаны на с. 3
650 04 a Основная рубрика Конституции зарубежных стран-Учебные издания для высших учебных заведений-Бакалавриат
650 14 a Основная рубрика Конституционное право зарубежных стран-Учебные издания для высших учебных заведений
651 _4 a Географическое наименование Франция
651 _4 a Географическое наименование Германия
651 _4 a Географическое наименование Италия
651 _4 a Географическое наименование Польша
651 _4 a Географическое наименование США
651 _4 a Географическое наименование Бразилия
651 _4 a Географическое наименование Япония
651 _4 a Географическое наименование Китай
651 _4 a Географическое наименование Казахстан
651 _4 a Географическое наименование Великобритания
651 _4 a Географическое наименование Ирландия
653 0_ a Ключевые слова Конституции зарубежных стран; Национальная экономика; Парламенты; Политика внешняя; Правительство; Правовое положение
700 12 a Другие авторы Страшун Б. А.
e Роль лиц авт.-ред.
901 t Тип документа m
952 c Вид литературы учебное пособие